| 000 | 00373nam a22001217a 4500 | ||
|---|---|---|---|
| 008 | 091105t xxu||||| |||| 00| 0 eng d | ||
| 020 | _a8121900581 | ||
| 082 |
_222 _a692 _bNAG |
||
| 245 |
_aConstruction Management and Accounts/ _cBy D. Nagarajan & K. B. Krishnamurthi |
||
| 260 |
_aNew Delhi: _bS. Chand & Company, _c1987 |
||
| 300 |
_a176p.: _bill.; _c20 cm. |
||
| 942 |
_2ddc _cBB |
||
| 999 |
_c12872 _d12872 |
||